[Event "New Delhi Parsvnath op 7th"]
[Site "New Delhi"]
[Date "2009.01.14"]
[Round "5"]
[White "Md, Irshad"]
[Black "Ramakrishna, J."]
[Result "1-0"]
[WhiteElo "2106"]
[BlackElo "2298"]
[PlyCount "99"]
[EventDate "2009.01.11"]
[EventType "swiss"]
[EventRounds "10"]
[EventCountry "IND"]
[SourceTitle "CBM 128 Extra"]
[Source "ChessBase"]
[SourceDate "2009.03.05"]
[SourceVersion "2"]
[SourceVersionDate "2009.03.25"]
[SourceQuality "1"]

1. d4 Nf6 2. c4 g6 3. Nc3 Bg7 4. e4 d6 5. f4 0-0 6. Nf3 c5 7. Be3 cxd4 8. Nxd4 Nc6 9. Be2 Bd7 10. 0-0 a6 11. Bf3 Rb8 12. Rc1 Na5 13. Qe2 e5 14. fxe5 dxe5 15. Nb3 Nxb3 16. axb3 Qa5 17. Rfd1 Bc6 18. Qf2 Qb4 19. Bc5 Qxb3 20. Bxf8 Bxf8 21. Nd5 Nd7 22. Rc3 Qa4 23. Kh1 Bc5 24. Qh4 Bxd5 25. cxd5 Kg7 26. Be2 b6 27. Rf1 h6 28. Bg4 f5 29. exf5 h5 30. Rxc5 Nxc5 31. Qe7+ Kh6 32. fxg6 Qxg4 33. Qh7+ Kg5 34. g7 Kh4 35. Rf3 Ne4 36. Rh3+ Kg5 37. g8Q+ Rxg8 38. Qxg8+ Kh6 39. Qxg4 Nf2+ 40. Kg1 Nxg4 41. Rb3 b5 42. Ra3 Kg6 43. Rxa6+ Kf5 44. Rb6 e4 45. h3 Ne5 46. Rxb5 e3 47. d6 Ke6 48. Rxe5+ Kxe5 49. d7 e2 50. Kf2 1-0